Traffic management and air quality research programme /

Bibliographic Details
Corporate Author: Transport Research Laboratory (Great Britain)
Other Authors: Cloke, J.
Format: Book
Language:English
Published: Crowthorne, Berkshire : Transport Research Laboratory, 1998.
Series:TRL report ; no. 327.
Subjects:

MARC

Tag First Indicator Second Indicator Subfields
LEADER 00000cam a2200000 a 4500
001 in00001406499
005 20151020072727.0
008 980603s1998 enka b f000 0 eng d
035 |a (OCoLC)39222126 
035 |9 AHQ3436AM 
040 |a TXA  |c TXA  |d UtOrBLW 
043 |a e-uk--- 
049 |a TXAM 
090 |a TA1057.A1  |b T755 no. 327 
245 0 0 |a Traffic management and air quality research programme /  |c J. Cloke [and others]. 
264 1 |a Crowthorne, Berkshire :  |b Transport Research Laboratory,  |c 1998. 
300 |a v, 70 pages :  |b illustrations ;  |c 30 cm. 
336 |a text  |b txt  |2 rdacontent 
337 |a unmediated  |b n  |2 rdamedia 
338 |a volume  |b nc  |2 rdacarrier 
490 1 |a TRL report,  |v 327 
500 |a "Prepared for Driver Information and Traffic Management Division, Department of the Environment, Transport, and the Regions." 
504 |a Includes bibliographical references (pages 61-67). 
650 0 |a Automobiles  |z Great Britain  |x Motors  |x Exhaust gas. 
700 1 |a Cloke, J. 
710 2 |a Transport Research Laboratory (Great Britain) 
830 0 |a TRL report ;  |v no. 327. 
948 |a o:jls 
999 |a MARS 
999 f f |s 44b85a7d-b637-3d4b-85fa-746d549e4302  |i de50d999-dc53-3447-bba5-d38655c3cf9d  |t 0 
952 f f |p ric  |a Texas A&M University  |b Rellis Campus  |c Joint Library Facility  |d Remote Storage  |t 0  |e TA1057.A1 T755 no.327  |h Library of Congress classification  |i unmediated -- volume  |m A14822452490 
998 f f |a TA1057.A1 T755 no.327  |t 0  |l Remote Storage